Top 5 Songs On With The Beatles (The Beatles) - Statistics

General Stats
  • This quiz has been taken 19 times
    16 since last reset
  • The average score is 3 of 5
Answer Stats
Hint Answer % Correct
122,056,318 All My Loving
100%
33,479,525 Roll Over Beethoven
79%
63,538,474 Till There Was You
57%
33,023,331 You Really Got A Hold On Me
57%
30,466,228 All I've Got To Do
50%
No matching quizzes found
Score Distribution
Percent of People with Each Score
Percentile by Number Answered
Your Score History
You have not taken this quiz since the last reset